LEADER 01300nam a2200277 i 4500 001 000000340202 003 CaOOAMICUS 005 20200516151934.0 008 200516s1971 vc u001 u ita u 013 $a175283 040 $aSeMil$bita 245 10$aEsortazione apostolica di Sua Santitą Paolo 6. circa il rinnovamento della vita religiosa secondo l'insegnamento del Concilio. 260 $a[Cittą del Vaticano] :$bTipografia Poliglotta Vaticana,$c[1971] 300 $a63 p. ;$c23 cm. 541 $aFondo Card. Giovanni Colombo. 650 4$aPaolo VI - Esortazioni apostoliche.$0(OLS)http://semarc/subject/28972 700 0 $aPaulus VI,$c.$0(OLS)http://semarc/name/803 850 $aSeMil 852 $aSeMil$W1$xVenegono$y1$m3GC VIII 255/20$j220947$B231326$CSeMilBibl$Z2$F231326 $81 900 1 $aMontini, Giovanni Battista,$d<1897-1978>. 900 0 $aPaolo VI$c. 996 $6245$aEsortazione apostolica di Sua Santitą Paolo 6. circa il rinnovamento della vita religiosa secondo l'insegnamento del Concilio$9(OLS)http://semarc/title/429207 996 $6260$a[Cittą del Vaticano] :$bTipografia Poliglotta Vaticana$9(OLS)http://semarc/publisher/32047 LEADER 01169nam a2200253 i 4500 001 000000037172 003 CaOOAMICUS 005 20040902000000.0 008 040902n it u000 u ita u 013 $a7396 040 $aSeMil$bita 100 1 $aBettiza, Enzo <1927-2017>.$0(OLS)http://semarc/name/90395 245 10$aQui Mosca /$ctesto di Enzo Bettiza ; fotografie in bianco e nero di Gianni Berengo Gardin ; fotografie a colori della Agenzia di Stampa Novosti. 260 $aMilano :$bTouring Club Italiano,$c[197-]?. 300 $a64 p., riccamente ill. ;$c28 cm. 490 0 $aGrandi cittą del mondo 650 4$aMosca - Guide.$0(OLS)http://semarc/subject/7317 700 1 $aAgenzia di Stampa Novosti.$0(OLS)http://semarc/name/17687 700 1 $aBerengo Gardin, Gianni <1930- >.$0(OLS)http://semarc/name/90396 830 0$aGrandi cittą del mondo [Touring Club Italiano].$0(OLS)http://semarc/title/204 850 $aSeMil 852 $aSeMil$W1$xVenegono$y1$m4Y VI 7$j3327$B3327$CSeMilBibl$Z2$F3327 $81 996 $6245$aQui Mosca$9(OLS)http://semarc/title/51913 996 $6260$aMilano :$bTouring Club Italiano$9(OLS)http://semarc/publisher/29688